Cítím se vždy skvěle, Intuice jako dar 3. Vjem

Saved in:
Bibliographic Details
Main Author Adam, Evan
Format Electronic eBook
LanguageCzech
Published Přemysl Dvořáček - Adam Evan 2026
Edition1. elektronické vydání
Subjects
Online AccessDostupné v BOOKPORT po přihlášení pomocí eduID
ISBN978-80-88666-00-4
978-80-88666-00-2
Physical Description1 online zdroj (44 stran)

Cover

LEADER 00000nam a2200000 i 4500
001 bkp1023995796
003 CZ-prgp
005 20260604122251.0
006 m o d
007 cr cn
008 260604s2026 xr o 000 0 cze
020 |a 978-80-88666-00-4  |c 99 Kč  |q (online ; pdf) 
020 |a 978-80-88666-00-2  |c 99 Kč  |q (print) 
040 |a Grada  |b cze  |e rda 
100 1 |a Adam, Evan 
245 1 0 |a Cítím se vždy skvěle, Intuice jako dar 3. Vjem  |c Evan Adam 
250 |a 1. elektronické vydání 
264 1 |b Přemysl Dvořáček - Adam Evan  |c 2026 
300 |a 1 online zdroj (44 stran) 
336 |a text  |b txt  |2 rdacontent 
337 |a počítač  |b c  |2 rdamedia 
338 |a online zdroj  |b cr  |2 rdacarrier 
520 3 |a Posiluji intuici vědomě a uvědomuji si její vjemy. Nabízím tuto krásu vlastnímu životu. Ctím její vjemy, které tvoří základ láskyplného vnímání její energie. 
650 0 4 |a Štěstí a pozitivní myšlení 
856 4 0 |u https://www.bookport.cz/AccountSaml/SignIn/?idp=https://shibboleth.utb.cz/idp/shibboleth&returnUrl=/kniha/citim-se-vzdy-skvele-intuice-jako-dar-3-vjem-16149/  |y Dostupné v BOOKPORT po přihlášení pomocí eduID